[Event "Avoine op 35th"]
[Site "Avoine"]
[Date "2021.07.18"]
[Round "5.6"]
[White "Devallee, Jeremie"]
[Black "Nortier, Julien"]
[Result "1-0"]
[WhiteElo "2220"]
[BlackElo "2026"]
[PlyCount "57"]
[EventDate "2021.07.18"]
[EventType "swiss"]
[EventRounds "9"]
[EventCountry "FRA"]
[SourceTitle "EXT 2023"]
[Source "ChessBase"]
[SourceDate "2022.10.05"]
[SourceVersion "1"]
[SourceVersionDate "2022.10.05"]
[SourceQuality "1"]

1. e4 d6 2. d4 Nf6 3. Nc3 g6 4. Nf3 Bg7 5. Be2 0-0 6. Be3 Bg4 7. Qd2 c6 8. h3 Bxf3 9. Bxf3 e5 10. 0-0-0 Na6 11. g4 b5 12. dxe5 b4 13. exf6 Qxf6 14. Qe2 bxc3 15. g5 Rab8 16. gxf6 Rxb2 17. Rxd6 Rfb8 18. Kd1 Rb1+ 19. Bc1 Rxc1+ 20. Kxc1 Bh6+ 21. Qe3 Bxe3+ 22. fxe3 Nb4 23. a3 Na2+ 24. Kd1 h5 25. Ke2 Rb2 26. Kd3 c5 27. Rc6 Rb8 28. Ra1 Rd8+ 29. Kc4 1-0

[Event "Liffre op"]
[Site "Liffre"]
[Date "2019.10.22"]
[Round "5"]
[White "Enchev, Ivajlo"]
[Black "Nortier, Julien"]
[Result "1-0"]
[WhiteElo "2488"]
[BlackElo "2037"]
[PlyCount "57"]
[EventDate "2019.10.19"]
[EventType "swiss"]
[EventRounds "9"]
[EventCountry "FRA"]
[SourceTitle "CBM 192 Extra"]
[Source "Chessbase"]
[SourceDate "2019.11.06"]
[SourceVersion "1"]
[SourceVersionDate "2019.11.06"]
[SourceQuality "1"]

1. d4 Nf6 2. c4 c5 3. d5 e6 4. Nc3 exd5 5. cxd5 d6 6. Nf3 g6 7. Bf4 a6 8. a4 Bg7 9. h3 0-0 10. e3 Qe7 11. Be2 Nbd7 12. 0-0 b6 13. Nd2 Ne8 14. Nc4 Rb8 15. Qd2 Ne5 16. Bxe5 Bxe5 17. Nxe5 Qxe5 18. Rab1 Bf5 19. Rbe1 Nc7 20. f4 Qg7 21. Kh1 Bd7 22. e4 f5 23. e5 dxe5 24. fxe5 Qxe5 25. d6 Ne6 26. Bc4 Qf6 27. Nd5 Qf7 28. Ne7+ Kg7 29. Bxe6 1-0

[Event "Avoine op 33rd"]
[Site "Avoine"]
[Date "2018.07.25"]
[Round "5"]
[White "Vallet, Marc"]
[Black "Nortier, Julien"]
[Result "1-0"]
[WhiteElo "2182"]
[BlackElo "1949"]
[PlyCount "87"]
[EventDate "2018.07.21"]
[EventType "swiss"]
[EventRounds "9"]
[EventCountry "FRA"]
[SourceTitle "CBM 185 Extra"]
[Source "ChessBase"]
[SourceDate "2018.07.29"]
[SourceVersion "1"]
[SourceVersionDate "2018.07.29"]
[SourceQuality "1"]

1. Nf3 Nf6 2. c4 g6 3. b3 Bg7 4. Bb2 d6 5. d4 c5 6. g3 Ne4 7. Bg2 Qa5+ 8. Kf1 Nc6 9. Ne1 Ng5 10. h4 Ne6 11. Bc3 Nb4 12. a3 Qb6 13. dxc5 dxc5 14. Bxg7 Nxg7 15. axb4 Nf5 16. bxc5 Qf6 17. Nc2 Nxg3+ 18. Kg1 Nxh1 19. Bxh1 Qxh4 20. Bg2 Qg5 21. b4 Bh3 22. Ne3 h5 23. Qd5 f5 24. Nc3 Bxg2 25. Qxg2 Qxg2+ 26. Kxg2 Kf7 27. Ned5 a6 28. b5 Rac8 29. Na4 Rhd8 30. Ndb6 Rc7 31. Ra2 Rd4 32. Rc2 e6 33. Rc3 axb5 34. cxb5 Rb4 35. Na8 Re7 36. N4b6 Rxb5 37. Nc8 Rd7 38. Nd6+ Rxd6 39. cxd6 Rd5 40. Rc7+ Kf6 41. d7 Ke7 42. Nb6 Rd2 43. Rxb7 h4 44. Rb8 1-0